000 00524nam a2200205Ia 4500
003 OSt
005 20230511143338.0
008 210423s2011 xx 000 0 und d
020 _a9788192173856
040 _cAL
041 _aeng
082 _a576.163 IYEB
_223
100 _aIYER (Balakrishnan).
_9103249
245 _aIntroductory food microbiology.
260 _aNew Delhi
_bBio Green Books
_c2011
300 _a327
_bHB
365 _b995
_cINR
906 _afood ; Introductory ; microbiology.
942 _2ddc
_cBK
999 _c164634
_d164634